El abastecimiento externo de los EUA: el caso de las materias primas no renovables /
Gardado en:
| Autor Principal: | |
|---|---|
| Formato: | Texto |
| Materias: | |
| Etiquetas: |
Engadir etiqueta
Sen Etiquetas, Sexa o primeiro en etiquetar este rexistro!
|
MARC
| LEADER | 00000 a a2200000 04500 | ||
|---|---|---|---|
| 001 | 41780 | ||
| 003 | |||
| 040 | |||
| 100 | |a Bossio Rotondo, Juan Carlos | ||
| 245 | |a El abastecimiento externo de los EUA: |b el caso de las materias primas no renovables / |c Juan Carlos Bossio Rotondo | ||
| 650 | |a RECURSOS NO RENOVABLES | ||
| 650 | |a COMBUSTIBLES | ||
| 650 | |a COMERCIO EXTERIOR | ||
| 650 | |a DEPENDENCIA ECONOMICA | ||
| 650 | |a ESTADOS UNIDOS | ||
| 650 | |a MATERIAS PRIMAS | ||
| 650 | |a IMPORTACIONES | ||
| 650 | |a CAPITALISMO | ||
| 650 | |a MINERALES | ||
| 773 | |g volumen9, número36 ( , 1978), páginas 129-184 | ||
| 999 | |c 33157 |d 33157 | ||
